[Event "Joao Pessoa de Assis Memorial 1st"]
[Site "Joao Pessoa"]
[Date "2019.11.16"]
[Round "3"]
[White "Mathias, Carlos Augusto De C"]
[Black "De Melo, Gelucio"]
[Result "0-1"]
[WhiteElo "1485"]
[BlackElo "1649"]
[PlyCount "72"]
[EventDate "2019.11.15"]
[EventType "swiss"]
[EventRounds "6"]
[EventCountry "BRA"]
[SourceTitle "CBM 193 Extra"]
[Source "ChessBase"]
[SourceDate "2020.01.31"]
[SourceVersion "1"]
[SourceVersionDate "2020.01.31"]
[SourceQuality "1"]

1. e4 c5 2. Nf3 d6 3. Bb5+ Nd7 4. 0-0 a6 5. Be2 Ngf6 6. d3 e6 7. Re1 Be7 8. Bf1 Qc7 9. a4 b6 10. h3 Bb7 11. Bf4 e5 12. Be3 0-0 13. Nc3 d5 14. exd5 Nxd5 15. Nxd5 Bxd5 16. Bd2 f5 17. Bc3 Bd6 18. Qe2 Rae8 19. Qd2 f4 20. Ng5 h6 21. Ne4 Nf6 22. Rad1 Bc6 23. b3 g5 24. Nxf6+ Rxf6 25. Bb2 Rg6 26. f3 Re7 27. Re2 h5 28. Rde1 g4 29. fxg4 hxg4 30. Kh2 f3 31. Re4 g3+ 32. Kh1 f2 33. R1e3 Bxe4 34. Rxe4 Rh7 35. Qe2 Qb7 36. Rg4 Rxh3# 0-1

[Event "Joao Pessoa Fischer Memorial 9th"]
[Site "Joao Pessoa"]
[Date "2018.03.18"]
[Round "5"]
[White "De Melo, Gelucio"]
[Black "Pinheiro, Emanuel Eliez Jr"]
[Result "0-1"]
[WhiteElo "1642"]
[BlackElo "1881"]
[PlyCount "93"]
[EventDate "2018.03.16"]
[EventType "swiss"]
[EventRounds "6"]
[EventCountry "BRA"]
[SourceTitle "CBM 183 Extra"]
[Source "ChessBase"]
[SourceDate "2018.04.19"]
[SourceVersion "1"]
[SourceVersionDate "2018.04.19"]
[SourceQuality "1"]

1. e4 c5 2. Nf3 e6 3. c3 g6 4. Be2 Bg7 5. d4 cxd4 6. cxd4 Ne7 7. 0-0 0-0 8. Nc3 Nbc6 9. Be3 a6 10. Qd2 Re8 11. Bh6 Bh8 12. h4 b5 13. e5 d6 14. Qg5 Nf5 15. Qxd8 Rxd8 16. Bg5 Rd7 17. Rad1 dxe5 18. Nxe5 Nxe5 19. dxe5 Bxe5 20. Bf3 Raa7 21. Bc6 Rd6 22. Rxd6 Nxd6 23. Rd1 Rc7 24. Bf3 Kg7 25. Bd8 Rd7 26. Bb6 Nc4 27. Rxd7 Bxd7 28. Bc5 Nxb2 29. Ne2 a5 30. Be4 Nc4 31. f4 Bf6 32. g3 e5 33. fxe5 Bxe5 34. Bd4 Kf6 35. Bc2 Bf5 36. Bb3 a4 37. Bxc4 bxc4 38. Kf2 Bd3 39. Bxe5+ Kxe5 40. Nc3 a3 41. Ke3 h5 42. Nb5 Kd5 43. Nxa3 Kc5 44. Kd2 f6 45. Nc2 Bxc2 46. Kxc2 g5 47. hxg5 0-1

[Event "Joao Pessoa Fischer Memorial 9th"]
[Site "Joao Pessoa"]
[Date "2018.03.17"]
[Round "4"]
[White "Dornelles, Marcio Neron Camarg"]
[Black "De Melo, Gelucio"]
[Result "1-0"]
[WhiteElo "1984"]
[BlackElo "1642"]
[PlyCount "43"]
[EventDate "2018.03.16"]
[EventType "swiss"]
[EventRounds "6"]
[EventCountry "BRA"]
[SourceTitle "CBM 183 Extra"]
[Source "ChessBase"]
[SourceDate "2018.04.19"]
[SourceVersion "1"]
[SourceVersionDate "2018.04.19"]
[SourceQuality "1"]

1. d4 d5 2. c4 e6 3. Nc3 Be7 4. Nf3 Nf6 5. cxd5 Nxd5 6. e4 Nxc3 7. bxc3 c5 8. Be2 Nd7 9. 0-0 0-0 10. Bf4 Nf6 11. Bd3 Nh5 12. Be3 g6 13. Ne5 f5 14. exf5 exf5 15. Bh6 Ng7 16. Bc4+ Be6 17. Bxe6+ Nxe6 18. Bxf8 Bxf8 19. Qb3 Qc8 20. Rfe1 Kg7 21. Rad1 Kf6 22. dxc5 1-0

[Event "Joao Pessoa Fischer Memorial 8th"]
[Site "Joao Pessoa"]
[Date "2017.03.17"]
[Round "1"]
[White "De Melo, Gelucio"]
[Black "Borensztajn, David"]
[Result "1-0"]
[WhiteElo "1550"]
[BlackElo "2054"]
[PlyCount "54"]
[EventDate "2017.03.17"]
[EventType "swiss"]
[EventRounds "6"]
[EventCountry "BRA"]
[SourceTitle "CBM 177 Extra"]
[Source "ChessBase"]
[SourceDate "2017.04.27"]
[SourceVersion "1"]
[SourceVersionDate "2017.04.27"]
[SourceQuality "1"]

1. e4 c5 2. Nf3 e6 3. d3 Nc6 4. Nbd2 Qc7 5. g3 Be7 6. Bg2 b6 7. 0-0 Bb7 8. Re1 d6 9. Nc4 b5 10. Ne3 Nf6 11. c4 a6 12. b3 Nd7 13. Bb2 Bf6 14. Bxf6 Nxf6 15. Nh4 0-0-0 16. cxb5 axb5 17. a4 b4 18. f4 h6 19. Nf3 Kb8 20. Qc2 Qe7 21. a5 Ba6 22. Nc4 Bxc4 23. bxc4 Na7 24. e5 Nd7 25. exd6 Qxd6 26. Ne5 Rhf8 27. d4 cxd4 1-0

[Event "Santa Cruz Potiguar-ch"]
[Site "Santa Cruz"]
[Date "2016.12.17"]
[Round "3"]
[White "Figueiredo, Livia Mara"]
[Black "De Melo, Gelucio"]
[Result "0-1"]
[WhiteElo "1685"]
[BlackElo "1584"]
[PlyCount "62"]
[EventDate "2016.12.17"]
[EventType "swiss"]
[EventRounds "5"]
[EventCountry "BRA"]
[SourceTitle "CBM 176 Extra"]
[Source "ChessBase"]
[SourceDate "2017.03.02"]
[SourceVersion "1"]
[SourceVersionDate "2017.03.02"]
[SourceQuality "1"]

1. d4 Nf6 2. c4 g6 3. Nc3 Bg7 4. e4 d6 5. Nf3 0-0 6. Be2 e5 7. 0-0 Nc6 8. Bg5 h6 9. Bh4 a6 10. dxe5 dxe5 11. Qxd8 Rxd8 12. Rad1 Bg4 13. Bg3 Bxf3 14. Bxf3 Re8 15. Rd3 g5 16. h3 h5 17. h4 g4 18. Be2 Nd4 19. Rfd1 c6 20. Kf1 Nd7 21. f4 Nc5 22. R3d2 f6 23. fxe5 fxe5 24. Bf2 Rf8 25. Ke1 Rad8 26. Bxd4 exd4 27. Nb1 Nxe4 28. Rd3 Nf2 29. g3 Nxd1 30. Rxd1 Rfe8 31. Nd2 d3 0-1

[Event "Natal Potiguar op 10th"]
[Site "Natal"]
[Date "2015.07.04"]
[Round "4"]
[White "Marques, Dayvid Geverson Lop"]
[Black "De Melo, Gelucio"]
[Result "1/2-1/2"]
[WhiteElo "1550"]
[BlackElo "1800"]
[PlyCount "59"]
[EventDate "2015.07.03"]
[EventType "swiss"]
[EventRounds "6"]
[EventCountry "BRA"]
[SourceTitle "CBM 167 Extra"]
[Source "ChessBase"]
[SourceDate "2015.09.14"]
[SourceVersion "1"]
[SourceVersionDate "2015.09.14"]
[SourceQuality "1"]

1. d4 Nf6 2. c4 g6 3. Nc3 d5 4. Nf3 Bg7 5. e3 Nc6 6. Be2 e6 7. 0-0 0-0 8. a3 a6 9. b4 Ne7 10. Qc2 b6 11. Bb2 Bb7 12. Rac1 dxc4 13. Bxc4 Bxf3 14. gxf3 Nf5 15. Ne4 Nd6 16. Bd3 Nd5 17. Qe2 Nxe4 18. fxe4 Qg5+ 19. Kh1 Nf6 20. Rg1 Qh6 21. Rxc7 b5 22. Ra1 Nh5 23. a4 f5 24. axb5 axb5 25. Rca7 Rab8 26. e5 f4 27. Rf1 fxe3 28. Qxe3 Nf4 29. Be4 Qh5 30. Qg3 1/2-1/2

[Event "Natal Potiguar op 10th"]
[Site "Natal"]
[Date "2015.07.03"]
[Round "1"]
[White "De Melo, Gelucio"]
[Black "Da Silva, Antonio Dutra"]
[Result "1/2-1/2"]
[WhiteElo "1800"]
[BlackElo "1768"]
[PlyCount "76"]
[EventDate "2015.07.03"]
[EventType "swiss"]
[EventRounds "6"]
[EventCountry "BRA"]
[SourceTitle "CBM 167 Extra"]
[Source "ChessBase"]
[SourceDate "2015.09.14"]
[SourceVersion "1"]
[SourceVersionDate "2015.09.14"]
[SourceQuality "1"]

1. Nf3 Nf6 2. g3 e6 3. Bg2 d5 4. d3 h6 5. Nbd2 Bd6 6. b3 Qe7 7. Bb2 Nbd7 8. e4 Ba3 9. Qc1 Bxb2 10. Qxb2 dxe4 11. dxe4 a5 12. 0-0 0-0 13. Rfe1 Qc5 14. h3 Nh5 15. Qd4 Qxd4 16. Nxd4 c6 17. e5 Rd8 18. N2f3 Nb6 19. c4 a4 20. Ne2 g6 21. g4 Ng7 22. Ned4 axb3 23. axb3 Bd7 24. Nd2 Rxa1 25. Rxa1 c5 26. Ne2 Bc6 27. Ne4 Ne8 28. Nxc5 Bxg2 29. Kxg2 Rd2 30. Ng3 Nd7 31. Nxd7 Rxd7 32. Ra8 Kf8 33. Ne4 Ke7 34. Rxe8+ Kxe8 35. Nf6+ Kd8 36. Nxd7 Kxd7 37. Kf3 Kc6 38. Ke4 Kc5 1/2-1/2